[Event "7. Lichtenberger Sommer"]
[Site "Berlin"]
[Date "2008.08.21"]
[Round "6.1"]
[White "Kalinitschew, Sergey"]
[Black "Richter, Michael"]
[Result "1-0"]
[WhiteElo "2456"]
[BlackElo "2422"]
[PlyCount "72"]
[EventDate "2008.??.??"]
[WhiteTeam "SC Kreuzberg e.V."]
[BlackTeam "SC Kreuzberg e.V."]

1. c4 e6 2. Nc3 d5 3. d4 c6 4. e3 Nd7 5. Bd3 dxc4 6. Bxc4 b5 7. Be2 Bb7 8. Bf3
Qb8 9. a4 b4 10. Ne4 c5 11. Ne2 Ngf6 12. N2g3 Nxe4 13. Nxe4 Be7 14. dxc5 Nxc5
15. Nxc5 Bxc5 16. Qc2 Bxf3 17. gxf3 Qc7 18. b3 O-O 19. Bb2 Rac8 20. Rc1 Qb7 21.
Qe4 Qxe4 22. fxe4 f5 23. Ke2 fxe4 24. Rc4 Rf5 25. Bd4 Rc7 26. Rg1 h6 27. f4
exf3+ 28. Kf2 Kh7 29. Rgc1 Bxd4 30. Rxc7 Bc3 31. Rxa7 Kg6 32. Rg1+ Kh5 33. Rg3
g5 34. Rd7 g4 35. h3 Kh4 36. hxg4 Rf8 1-0

[Event "7. Lichtenberger Sommer"]
[Site "Berlin"]
[Date "2008.08.21"]
[Round "6.2"]
[White "Wendt, Jan-Dietrich"]
[Black "Rabiega, Robert"]
[Result "1/2-1/2"]
[WhiteElo "2372"]
[BlackElo "2552"]
[PlyCount "26"]
[EventDate "2008.??.??"]
[WhiteTeam "Sfrd. Berlin 1903 e.V."]
[BlackTeam "SK König Tegel 1949 e.V."]

1. d4 d5 2. c4 e6 3. Nf3 Nf6 4. g3 dxc4 5. Bg2 c5 6. O-O Nc6 7. Ne5 Bd7 8. Na3
cxd4 9. Naxc4 Be7 10. Bf4 Rc8 11. Nxd7 Qxd7 12. Ne5 Nxe5 13. Bxe5 Bc5 1/2-1/2

[Event "7. Lichtenberger Sommer"]
[Site "Berlin"]
[Date "2008.08.21"]
[Round "6.3"]
[White "Niehaus, Frank"]
[Black "Krämer, Martin"]
[Result "0-1"]
[WhiteElo "2185"]
[BlackElo "2456"]
[PlyCount "64"]
[EventDate "2008.??.??"]
[WhiteTeam "Sfrd. Berlin 1903 e.V."]
[BlackTeam "Sfrd. Berlin 1903 e.V."]

1. e4 c5 2. Nf3 d6 3. d4 cxd4 4. Nxd4 Nf6 5. Nc3 Nc6 6. Bg5 e6 7. Qd2 a6 8.
O-O-O Bd7 9. f4 b5 10. Nf3 b4 11. Bxf6 gxf6 12. Ne2 Qb6 13. Kb1 h5 14. f5 Qc5
15. Nc1 a5 16. Nb3 Qb6 17. Bc4 Rc8 18. fxe6 fxe6 19. Qf4 a4 20. Nbd2 Be7 21.
Qg3 Qc5 22. Ba6 Rc7 23. Nc4 Nd8 24. Rxd6 Bxd6 25. Nxd6+ Kf8 26. Bd3 e5 27. Nc4
Be6 28. Nfxe5 fxe5 29. Nxe5 Rg8 30. Qf4+ Nf7 31. Rf1 Ke8 32. Qf6 Qxe5 0-1

[Event "7. Lichtenberger Sommer"]
[Site "Berlin"]
[Date "2008.08.21"]
[Round "6.4"]
[White "Figura, Atila Gajo"]
[Black "Thinius, Marco"]
[Result "1-0"]
[WhiteElo "2407"]
[BlackElo "2387"]
[PlyCount "124"]
[EventDate "2008.??.??"]
[WhiteTeam "SC Kreuzberg e.V."]
[BlackTeam "Sfrd. Berlin 1903 e.V."]

1. d4 Nf6 2. c4 c5 3. d5 e5 4. Nc3 d6 5. e4 Be7 6. Nf3 Nbd7 7. g3 O-O 8. Bg2 a6
9. O-O b5 10. Nd2 Ne8 11. a4 b4 12. Ne2 g6 13. f4 exf4 14. gxf4 Bf6 15. Nf3 Ng7
16. Ng3 h5 17. Re1 Re8 18. Ra2 Ra7 19. Qd3 a5 20. b3 Bc3 21. Bd2 Bxd2 22. Rxd2
h4 23. Ne2 Nf6 24. Ng5 Nfh5 25. Qf3 Rae7 26. Qf2 h3 27. Bf3 f6 28. Ne6 Bxe6 29.
dxe6 Rxe6 30. e5 Kh8 31. Bg4 f5 32. Bxh3 Qc7 33. exd6 Rxd6 34. Rd5 Rxd5 35.
cxd5 Nxf4 36. Nxf4 Rxe1+ 37. Qxe1 Qxf4 38. Bg2 Qd4+ 39. Kh1 Qf6 40. Qc1 Qd6 41.
Bf3 Kg8 42. Kg2 Ne8 43. h4 Nf6 44. Qc4 Kg7 45. Kh3 Qe7 46. Qa6 Qe3 47. Qb7+ Kh6
48. Kg2 Qd2+ 49. Kf1 Qf4 50. Ke2 Ne4 51. Bxe4 Qxe4+ 52. Kd2 Qxh4 53. Qf7 Qd4+
54. Ke2 c4 55. bxc4 Qxc4+ 56. Kf3 Qc3+ 57. Kf4 Qd4+ 58. Kf3 b3 59. Qf8+ Kh5 60.
d6 b2 61. Qb8 Qe4+ 62. Kg3 Qd3+ 0-1

[Event "7. Lichtenberger Sommer"]
[Site "Berlin"]
[Date "2008.08.21"]
[Round "6.5"]
[White "Meister, Jakob"]
[Black "Dimitrijeski, Kristian"]
[Result "1-0"]
[WhiteElo "2487"]
[BlackElo "2167"]
[PlyCount "91"]
[EventDate "2008.??.??"]
[WhiteTeam "SK Zehlendorf e.V."]
[BlackTeam "Sfrd. Berlin 1903 e.V."]

1. e4 c6 2. d4 d5 3. Nc3 dxe4 4. Nxe4 Nd7 5. Bc4 Ngf6 6. Ng5 e6 7. Qe2 Nb6 8.
Bd3 h6 9. N5f3 c5 10. Be3 cxd4 11. Nxd4 Nbd5 12. Ngf3 Bb4+ 13. Bd2 Nf4 14. Bb5+
Bd7 15. Qf1 Bxd2+ 16. Nxd2 O-O 17. O-O-O Bxb5 18. Nxb5 Qa5 19. Nb3 Qxa2 20. Nc3
Qa6 21. Qxa6 bxa6 22. g3 N4d5 23. Nxd5 Nxd5 24. Rd4 Rfc8 25. Nd2 Rab8 26. Rc4
Rxc4 27. Nxc4 Kf8 28. c3 Ke7 29. Rd1 Rc8 30. Rd4 f6 31. Nd2 Nb6 32. Nb3 Rc4 33.
Rd1 e5 34. Kc2 Rc6 35. Na5 Rd6 36. Ra1 Nd7 37. b4 Nb8 38. Nc4 Rd7 39. h4 Ke6
40. Ne3 f5 41. Nc4 Kf6 42. Ra5 e4 43. Ne3 g6 44. h5 Nc6 45. Rxa6 Rd6 46. b5 1-0

[Event "7. Lichtenberger Sommer"]
[Site "Berlin"]
[Date "2008.08.21"]
[Round "6.6"]
[White "Von Herman, Ulf"]
[Black "Gschwendtner, Klaus"]
[Result "1-0"]
[WhiteElo "2374"]
[BlackElo "2078"]
[PlyCount "43"]
[EventDate "2008.??.??"]
[WhiteTeam "SK König Tegel 1949 e.V."]
[BlackTeam "SC Starnberg"]

1. d4 d5 2. c4 e6 3. Nc3 Nf6 4. Nf3 Be7 5. Bg5 Nbd7 6. e3 O-O 7. Qc2 c5 8. Rd1
cxd4 9. Rxd4 dxc4 10. Bxc4 Qa5 11. O-O h6 12. Bh4 e5 13. Rd2 Nb6 14. Bb3 Bg4
15. Bxf6 Bxf6 16. Nd5 Nxd5 17. Rxd5 Qb6 18. Nxe5 Rac8 19. Qd3 Be6 20. Rd6 Qc7
21. Nd7 Be7 22. Nxf8 1-0

[Event "7. Lichtenberger Sommer"]
[Site "Berlin"]
[Date "2008.08.21"]
[Round "6.7"]
[White "Rietze, Clemens"]
[Black "Muse, Drazen"]
[Result "0-1"]
[WhiteElo "2128"]
[BlackElo "2369"]
[PlyCount "112"]
[EventDate "2008.??.??"]
[WhiteTeam "ESV Lok Falkenberg e.V."]
[BlackTeam "SK König Tegel 1949 e.V."]

1. d4 d5 2. c4 e6 3. Nf3 c6 4. Nc3 Nf6 5. Bg5 dxc4 6. e4 b5 7. e5 h6 8. Bh4 g5
9. Nxg5 Nd5 10. Nf3 Qa5 11. Qd2 Bb4 12. Rc1 Nd7 13. Be2 N7b6 14. O-O Na4 15.
Bf6 Nxf6 16. exf6 Nxc3 17. bxc3 Bd6 18. Ne5 Qc7 19. f4 Bb7 20. f5 O-O-O 21. Qf4
exf5 22. Qxf5+ Kb8 23. Bf3 Rhg8 24. Rfe1 Rg5 25. Qh7 Bxe5 26. dxe5 Rxe5 27.
Qxh6 Rde8 28. Qh4 Bc8 29. Rcd1 Be6 30. Rxe5 Qxe5 31. Qe4 Qxe4 32. Bxe4 Kc7 33.
Bf3 a5 34. g4 Rg8 35. Kf2 Rg6 36. Rg1 Rxf6 37. g5 Rf5 38. Ke3 Bd5 39. Bxd5 cxd5
40. h4 Re5+ 41. Kf3 b4 42. cxb4 c3 43. Rc1 axb4 44. a3 d4 45. axb4 Kb6 46. Kf4
Re2 47. h5 Kb5 48. g6 fxg6 49. hxg6 Kxb4 50. g7 Rg2 51. Ke4 Kc4 52. Rd1 Rg4+
53. Ke5 d3 54. Kf6 c2 55. Ra1 Rxg7 56. Kxg7 d2 0-1

[Event "7. Lichtenberger Sommer"]
[Site "Berlin"]
[Date "2008.08.21"]
[Round "6.8"]
[White "Zschäbitz, Klaus"]
[Black "Plump, Detlef"]
[Result "1/2-1/2"]
[WhiteElo "2103"]
[BlackElo "2263"]
[PlyCount "38"]
[EventDate "2008.??.??"]
[WhiteTeam "BSG 1827 Eckbauer e.V."]
[BlackTeam "Chessclub York"]

1. d4 Nf6 2. Nf3 e6 3. c4 b6 4. e3 Bb7 5. Bd3 c5 6. O-O Be7 7. b3 cxd4 8. exd4
O-O 9. Bb2 d5 10. Ne5 Nc6 11. Nd2 dxc4 12. Nxc6 Bxc6 13. bxc4 Qd7 14. Qe2 a6
15. f4 b5 16. c5 Rad8 17. Rac1 g6 18. Nf3 Bxf3 19. Qxf3 Qd5 1/2-1/2

[Event "7. Lichtenberger Sommer"]
[Site "Berlin"]
[Date "2008.08.21"]
[Round "6.9"]
[White "Brüdigam, Martin"]
[Black "Werner, Michael"]
[Result "1/2-1/2"]
[WhiteElo "2218"]
[BlackElo "2106"]
[PlyCount "69"]
[EventDate "2008.??.??"]
[WhiteTeam "USV Potsdam e.V., Abt. Schach"]
[BlackTeam "Schachgesellschaft Benrath 1924"]

1. e4 c5 2. Nf3 e6 3. d4 cxd4 4. Nxd4 a6 5. Bd3 Nc6 6. Be3 Qc7 7. O-O Nf6 8.
Qe2 Bd6 9. f4 Nxd4 10. Bxd4 Bc5 11. Bxc5 Qxc5+ 12. Kh1 d6 13. Nc3 e5 14. fxe5
Qxe5 15. Nd5 Nxd5 16. exd5 Qxe2 17. Bxe2 O-O 18. Rae1 Bd7 19. Bd3 Rfe8 20. Kg1
Re5 21. c4 Rae8 22. Rxe5 Rxe5 23. Kf2 Bf5 24. Rd1 Kf8 25. Bxf5 Rxf5+ 26. Ke3
Re5+ 27. Kd3 f5 28. b4 Ke7 29. a4 Kd7 30. b5 axb5 31. axb5 Kc7 32. Ra1 Re8 33.
Rf1 Re5 34. g4 fxg4 35. Rf7+ 1/2-1/2

[Event "7. Lichtenberger Sommer"]
[Site "Berlin"]
[Date "2008.08.21"]
[Round "6.10"]
[White "Bukowski, Henryk"]
[Black "Struk, Jerzy"]
[Result "0-1"]
[WhiteElo "2175"]
[BlackElo "2164"]
[PlyCount "140"]
[EventDate "2008.??.??"]
[WhiteTeam "BSC Rehberge 1945 e.V."]

1. d4 d5 2. Nf3 Nf6 3. c4 e6 4. Nc3 Be7 5. Bg5 h6 6. Bxf6 Bxf6 7. e3 O-O 8. Rc1
c6 9. Bd3 Nd7 10. O-O dxc4 11. Bxc4 e5 12. d5 Nb6 13. Bb3 cxd5 14. Nxd5 e4 15.
Nxf6+ Qxf6 16. Nd4 a5 17. Qh5 a4 18. Bc2 Re8 19. Bb1 Re5 20. Qe2 Qg5 21. Kh1
Qe7 22. Qc2 Nd5 23. Rfe1 g6 24. f4 exf3 25. Nxf3 Rxe3 26. Qd2 Bg4 27. Qxd5 Bxf3
28. Qd2 Rxe1+ 29. Rxe1 Rd8 30. Qf2 Rd1 31. Rxd1 Bxd1 32. Qd2 Bg4 33. h3 Bd7 34.
Bd3 Bc6 35. b3 axb3 36. axb3 Qe6 37. Qxh6 Qe1+ 38. Kh2 Qe5+ 39. Kh1 Qd5 40. Bf1
Qxb3 41. Qf4 Qxh3+ 42. Kg1 Qf5 43. Qxf5 gxf5 44. g3 Kg7 45. Kf2 Kf6 46. Bc4 b5
47. Bb3 Bd7 48. Ke3 Be6 49. Bc2 Ba2 50. Kd4 b4 51. Bd3 Be6 52. Be2 b3 53. Kc3
Ke5 54. Bf3 f4 55. gxf4+ Kxf4 56. Bd1 Ke3 57. Bh5 f5 58. Be8 f4 59. Bc6 f3 60.
Kb2 f2 61. Bb5 Kd2 62. Ba6 Ke1 63. Kc3 f1=Q 64. Bxf1 Kxf1 65. Kb2 Ke2 66. Kc3
Ke3 67. Kb2 Kd2 68. Ka1 Kc3 69. Kb1 Bf5+ 70. Ka1 b2+ 0-1

[Event "7. Lichtenberger Sommer"]
[Site "Berlin"]
[Date "2008.08.21"]
[Round "6.11"]
[White "Meißner, Hans-Jürgen"]
[Black "Oswald, Michael"]
[Result "1/2-1/2"]
[WhiteElo "2212"]
[BlackElo "2123"]
[PlyCount "102"]
[EventDate "2008.??.??"]
[WhiteTeam "SV Empor Berlin e.V."]
[BlackTeam "1. Schachclub Anhalt"]

1. d4 f5 2. c4 e6 3. g3 Nf6 4. Bg2 Be7 5. Nf3 O-O 6. O-O d5 7. b3 c6 8. Ba3
Bxa3 9. Nxa3 Bd7 10. Nc2 Be8 11. Nce1 Bh5 12. Qc2 Ne4 13. Nd3 g5 14. e3 Bxf3
15. Bxf3 Qe8 16. Bg2 g4 17. Rfd1 Nd7 18. b4 Rf6 19. Rac1 Rh6 20. Nf4 Ndf6 21.
b5 Ng5 22. bxc6 bxc6 23. cxd5 cxd5 24. Qc6 Rb8 25. Qa6 Nh5 26. Nxd5 Nf3+ 27.
Bxf3 gxf3 28. Rc8 Rxc8 29. Qxc8 Qxc8 30. Ne7+ Kf8 31. Nxc8 e5 32. dxe5 Rc6 33.
Nxa7 Rc5 34. a4 Ng7 35. Ra1 Ne6 36. h4 Rxe5 37. Nb5 Ke7 38. Kf1 Kd7 39. Nd4
Nxd4 40. Rd1 Rc5 41. Rxd4+ Ke6 42. Ke1 Rc1+ 43. Kd2 Rf1 44. Rf4 Rxf2+ 45. Kd3
Ra2 46. e4 Ra3+ 47. Kd2 fxe4 48. Rxe4+ Kf5 49. Rf4+ Kg6 50. g4 h6 51. Kc1 f2
1/2-1/2

[Event "7. Lichtenberger Sommer"]
[Site "Berlin"]
[Date "2008.08.21"]
[Round "6.12"]
[White "Poseck, Steffen"]
[Black "Kiesekamp, Marcos"]
[Result "0-1"]
[WhiteElo "2107"]
[BlackElo "2316"]
[PlyCount "108"]
[EventDate "2008.??.??"]
[WhiteTeam "SC Rotation Pankow e.V."]
[BlackTeam "TuS Makkabi Berlin e.V."]

1. c4 e6 2. Nc3 d5 3. cxd5 exd5 4. d4 c6 5. Qc2 Bd6 6. Nf3 Ne7 7. Bg5 f6 8. Bh4
Bf5 9. Qb3 Na6 10. a3 Qb6 11. Qxb6 axb6 12. Rc1 b5 13. Nd2 Kf7 14. Bg3 Nc8 15.
f3 Bxg3+ 16. hxg3 Nd6 17. g4 Be6 18. e3 b4 19. axb4 Nxb4 20. Be2 Na2 21. Rb1 h6
22. Kf2 Nxc3 23. bxc3 Ra2 24. Nb3 Rha8 25. Nc5 Nb5 26. Rhc1 Bc8 27. Kf1 Na3 28.
Rb3 Ra7 29. Bd3 Ke7 30. e4 Nc4 31. Bxc4 dxc4 32. e5 fxe5 33. Re1 Ra1 34. dxe5
Rxe1+ 35. Kxe1 Ra5 36. Nxb7 Rxe5+ 37. Kf2 Kd7 38. Rb4 Kc7 39. Rxc4 Bxb7 40. Rf4
Re7 41. c4 c5 42. Rf5 Kb6 43. g5 hxg5 44. Rxg5 Rc7 45. Ke3 Ka5 46. Kf4 Kb4 47.
Ke5 Kxc4 48. Kd6 Rc6+ 49. Kd7 g6 50. f4 Kd4 51. g4 Rf6 52. f5 gxf5 53. Ke7 Ke5
54. Rh5 Bd5 0-1

[Event "7. Lichtenberger Sommer"]
[Site "Berlin"]
[Date "2008.08.21"]
[Round "6.13"]
[White "Bruchmann, Stephan"]
[Black "Schulz, Hartmut"]
[Result "1/2-1/2"]
[WhiteElo "2292"]
[BlackElo "2149"]
[PlyCount "142"]
[EventDate "2008.??.??"]
[WhiteTeam "Sfrd. Berlin 1903 e.V."]
[BlackTeam "SC Rotation Pankow e.V."]

1. e4 c6 2. d4 d5 3. e5 Bf5 4. Nf3 e6 5. Be2 Nd7 6. O-O h6 7. b3 Ne7 8. c4 Ng6
9. Na3 Nf4 10. Bxf4 Bxa3 11. Bd3 Bg4 12. Rb1 Be7 13. h3 Bh5 14. g4 Bg6 15. Bxg6
fxg6 16. Qd3 O-O 17. Bd2 g5 18. c5 Qe8 19. Kg2 b6 20. b4 b5 21. Ng1 Bd8 22. Ne2
Rf7 23. h4 Nf8 24. hxg5 hxg5 25. Rh1 Ng6 26. f4 Nxf4+ 27. Nxf4 gxf4 28. Qg6 Rf8
29. Qh7+ Kf7 30. Bxf4 Ke7 31. Bg5+ Kd7 32. Bxd8 Kxd8 33. Qxg7 Qe7 34. Qg6 Qe8
35. Qg5+ Qe7 36. Qxe7+ Kxe7 37. Rh7+ Rf7 38. Rxf7+ Kxf7 39. Rf1+ Ke7 40. Rh1
Kf7 41. Rh7+ Kg6 42. Re7 a5 43. Rxe6+ Kg5 44. Rxc6 axb4 45. Rb6 Kxg4 46. Rg6+
Kf4 47. Rf6+ Ke3 48. e6 Kxd4 49. e7 Re8 50. Re6 Kxc5 51. Kf3 d4 52. Ke4 d3 53.
Kxd3 Kd5 54. Rb6 Kc5 55. Re6 Kd5 56. Re4 Kd6 57. Rxb4 Rxe7 58. Rxb5 Ra7 59. Rb2
Kc5 60. Kc3 Ra3+ 61. Kc2 Kc4 62. Kb1 Ra5 63. Rc2+ Kb4 64. Kb2 Rh5 65. Rg2 Rh4
66. Re2 Rg4 67. a3+ Ka4 68. Ka2 Rh4 69. Rb2 Rg4 70. Rb4+ Rxb4 71. axb4 Kxb4
1/2-1/2

[Event "7. Lichtenberger Sommer"]
[Site "Berlin"]
[Date "2008.08.21"]
[Round "6.14"]
[White "Maahs, Erich"]
[Black "Petersen, Soren Boeck"]
[Result "1/2-1/2"]
[WhiteElo "2157"]
[BlackElo "2242"]
[PlyCount "124"]
[EventDate "2008.??.??"]
[WhiteTeam "SC Concordia SAbt Palame"]
[BlackTeam "Vanlose Skakklub"]

1. e4 e6 2. d4 d5 3. Nd2 c5 4. Ngf3 Nf6 5. exd5 Nxd5 6. Ne4 Nd7 7. c3 cxd4 8.
Qxd4 Qb6 9. a4 a6 10. a5 Qxd4 11. Nxd4 Nc5 12. Nxc5 Bxc5 13. Nb3 Bd6 14. Bc4
Bd7 15. O-O Nf6 16. Rd1 Ke7 17. Bg5 Rac8 18. Be2 Bc6 19. Nd4 Bd5 20. Nf5+ exf5
21. Bxf6+ Ke6 22. Bd4 f6 23. Rd2 Bf4 24. Rdd1 Rhd8 25. Bd3 g6 26. Bb6 Rd7 27.
g3 Bc7 28. Bd4 Rcd8 29. Bf1 Kf7 30. Re1 f4 31. Bg2 fxg3 32. hxg3 Bxg2 33. Kxg2
Rd5 34. b4 R8d7 35. Re3 Bd6 36. Bb6 Bc7 37. Bc5 Bd6 38. Bxd6 R5xd6 39. Rc1 Rc7
40. c4 Rd2 41. c5 Rd4 42. Rb1 f5 43. Kf3 h5 44. Ke2 f4 45. Rd3 Rxd3 46. Kxd3
fxg3 47. fxg3 g5 48. Ke4 Ke6 49. Kd4 h4 50. gxh4 gxh4 51. b5 axb5 52. Rxb5 Rh7
53. a6 bxa6 54. Rb6+ Kf5 55. c6 h3 56. Rb7 Rh4+ 57. Kc5 h2 58. c7 Rh8 59. Rb1
Kg4 60. Kb6 Kg3 61. Kxa6 Kg2 62. Rb2+ Kg1 1/2-1/2

[Event "7. Lichtenberger Sommer"]
[Site "Berlin"]
[Date "2008.08.21"]
[Round "6.15"]
[White "Newrkla, Katharina"]
[Black "Gebigke, Martin"]
[Result "1-0"]
[WhiteElo "2049"]
[BlackElo "2151"]
[PlyCount "58"]
[EventDate "2008.??.??"]
[WhiteTeam "Austria  Wien"]
[BlackTeam "SV Berolina Mitte e.V."]

1. e4 c5 2. Nf3 e6 3. d4 cxd4 4. Nxd4 Nc6 5. Nc3 Qc7 6. Nxc6 dxc6 7. Bd3 Nf6 8.
O-O Bd6 9. f4 e5 10. Qe1 Ng4 11. f5 Bc5+ 12. Kh1 b5 13. b4 Bd4 14. a4 bxa4 15.
Rxa4 Qb6 16. Nd1 Qd8 17. Qg3 h5 18. Nb2 Kf8 19. Nc4 Bd7 20. Ra2 Be8 21. Bb2
Bxb2 22. Rxb2 Qd4 23. Rbb1 Rh6 24. h3 Nf6 25. Qxe5 Qxe5 26. Nxe5 Rb8 27. Rfe1
Rd8 28. Ra1 Rb8 29. c3 Rb7 1-0

[Event "7. Lichtenberger Sommer"]
[Site "Berlin"]
[Date "2008.08.21"]
[Round "6.16"]
[White "Fischer, Daniel"]
[Black "Schatz, Dieter"]
[Result "1/2-1/2"]
[WhiteElo "2094"]
[BlackElo "2216"]
[PlyCount "98"]
[EventDate "2008.??.??"]
[WhiteTeam "SK Oberkirch"]
[BlackTeam "SK Landau"]

1. g3 Nf6 2. Bg2 e5 3. c4 Nc6 4. Nc3 Bb4 5. Nd5 Be7 6. e3 d6 7. Ne2 O-O 8. O-O
Re8 9. d4 Bf8 10. h3 h6 11. f4 exd4 12. Nxd4 Nxd5 13. cxd5 Nxd4 14. Qxd4 g6 15.
Rb1 Bg7 16. Qd3 a5 17. Bd2 b6 18. Rfe1 Re7 19. Bc3 Ba6 20. Qc2 Qf8 21. e4 Rae8
22. Rbd1 Bxc3 23. Qxc3 Qg7 24. Qxg7+ Kxg7 25. Kf2 f5 26. exf5 gxf5 27. Rxe7+
Rxe7 28. Re1 Rxe1 29. Kxe1 Kf6 30. Kd2 Bb5 31. g4 Kg6 32. Ke3 Kf6 33. Kf2 Bd3
34. a3 Kg6 35. b4 axb4 36. axb4 Bc4 37. Ke3 Kf6 38. Kf2 Bb3 39. Kg3 Kg6 40. Kh4
Bc2 41. Bf3 Bd3 42. g5 hxg5+ 43. fxg5 Be4 44. Bxe4 fxe4 45. Kg4 e3 46. Kf3 Kxg5
47. Kxe3 Kh4 48. b5 Kxh3 49. Kf3 Kh2 1/2-1/2

[Event "7. Lichtenberger Sommer"]
[Site "Berlin"]
[Date "2008.08.21"]
[Round "6.17"]
[White "Ozeran, Volodymyr"]
[Black "Novkovic, Julia"]
[Result "0-1"]
[WhiteElo "1967"]
[BlackElo "2128"]
[PlyCount "74"]
[EventDate "2008.??.??"]
[WhiteTeam "SK Dessau 93 e. V."]
[BlackTeam "Dornbirn"]

1. f4 g6 2. e4 Bg7 3. Nf3 c5 4. Nc3 Nc6 5. Bc4 d6 6. O-O e6 7. d3 Nge7 8. Bb5
O-O 9. Bxc6 Nxc6 10. Be3 Nd4 11. Rb1 Qa5 12. Bd2 Qc7 13. Ne2 Nxe2+ 14. Qxe2 d5
15. e5 b6 16. c4 Bb7 17. Bc3 Rad8 18. Rbd1 Rd7 19. b3 Rfd8 20. a4 Bc6 21. Rd2
dxc4 22. dxc4 Rxd2 23. Nxd2 Qd7 24. Rf2 Bh6 25. g3 Bb7 26. Kf1 Qc6 27. Ke1 Bf8
28. Kd1 a6 29. Kc1 Be7 30. Rf1 Qd7 31. Kc2 Bc6 32. Re1 b5 33. axb5 axb5 34. Ne4
bxc4 35. bxc4 Ba4+ 36. Kc1 Qb7 37. Qb2 Qxe4 0-1

[Event "7. Lichtenberger Sommer"]
[Site "Berlin"]
[Date "2008.08.21"]
[Round "6.19"]
[White "von Löhneysen, Leonard"]
[Black "Kapp, Martin"]
[Result "1/2-1/2"]
[WhiteElo "1995"]
[BlackElo "2072"]
[PlyCount "99"]
[EventDate "2008.??.??"]
[WhiteTeam "SK Zehlendorf e.V."]
[BlackTeam "TSV IFA Chemnitz"]

1. c4 Nf6 2. g3 g6 3. Bg2 Bg7 4. Nc3 O-O 5. e4 c5 6. Nge2 Nc6 7. a3 d6 8. Rb1
Ng4 9. h3 Nge5 10. d3 Nd4 11. Nxd4 cxd4 12. Ne2 Nd7 13. O-O a5 14. b4 axb4 15.
axb4 Nb6 16. Bb2 Na4 17. Ba1 Bd7 18. Nxd4 Qb6 19. Ne2 Bxa1 20. Rxa1 Qxb4 21.
Rb1 Qa3 22. d4 Nc3 23. Nxc3 Qxc3 24. Rxb7 Ba4 25. Qa1 Qxc4 26. Rc1 Qe6 27. d5
Qf6 28. Qxf6 exf6 29. Rcc7 Rac8 30. h4 Rxc7 31. Rxc7 Rd8 32. Bh3 Kg7 33. Be6
Be8 34. f3 h6 35. Rc8 Rxc8 36. Bxc8 Kf8 37. Kf2 Ke7 38. Ke3 Bb5 39. f4 Kd8 40.
Bh3 Ke7 41. Kd4 Be2 42. Bc8 Kd8 43. Bb7 Kd7 44. e5 fxe5+ 45. fxe5 Bb5 46. Ke4
Kc7 47. Ba8 Kd7 48. Kd4 Ba4 49. Bb7 Bb5 50. Ba8 1/2-1/2

[Event "7. Lichtenberger Sommer"]
[Site "Berlin"]
[Date "2008.08.21"]
[Round "6.20"]
[White "Gohlke, Herbert"]
[Black "Wasem, Ralph"]
[Result "0-1"]
[WhiteElo "2089"]
[BlackElo "2100"]
[PlyCount "114"]
[EventDate "2008.??.??"]
[WhiteTeam "SG Lok Brandenburg, Abt. Schach"]
[BlackTeam "SK Landau"]

1. e4 c5 2. f4 d5 3. e5 Nc6 4. Nf3 Bg4 5. Be2 e6 6. O-O Nh6 7. Nc3 Nf5 8. a3
Be7 9. d3 a6 10. Ne1 Bxe2 11. Nxe2 Qb6 12. c3 h5 13. Nc2 Na5 14. Bd2 Nb3 15.
Rb1 g6 16. Be1 a5 17. Bf2 a4 18. Ne3 Qc6 19. Nc1 Nxe3 20. Bxe3 d4 21. Nxb3 dxe3
22. Na1 Rd8 23. Qe2 h4 24. h3 c4 25. d4 g5 26. Qf3 Qxf3 27. Rxf3 gxf4 28. Rxf4
Bg5 29. Rg4 Rg8 30. Nc2 Ke7 31. Re1 f6 32. exf6+ Kxf6 33. Nxe3 Bxe3+ 34. Rxe3
Rxg4 35. hxg4 Rd5 36. Kf2 Rb5 37. Re2 Rb6 38. Kf3 Kg5 39. Re5+ Kf6 40. Ra5 Rxb2
41. Rxa4 b5 42. Ra6 Rc2 43. d5 Rxc3+ 44. Kf4 Rd3 45. Rxe6+ Kf7 46. Ke4 Rxa3 47.
Rb6 Rg3 48. Kf5 Rxg2 49. Rxb5 h3 50. Rb7+ Ke8 51. d6 h2 52. Rh7 c3 53. Ke6 Re2+
54. Kd5 c2 55. d7+ Kd8 56. Kd6 Rd2+ 57. Ke6 Kc7 0-1

[Event "7. Lichtenberger Sommer"]
[Site "Berlin"]
[Date "2008.08.21"]
[Round "6.21"]
[White "Tiemer, Klaus"]
[Black "Carrasco, Paul"]
[Result "1/2-1/2"]
[WhiteElo "1906"]
[BlackElo "2041"]
[PlyCount "112"]
[EventDate "2008.??.??"]
[WhiteTeam "TSG Oberschöneweide e.V."]

1. d4 Nf6 2. c4 g6 3. Nc3 d5 4. Nf3 Bg7 5. Bf4 c6 6. e3 O-O 7. Be2 dxc4 8. Bxc4
Nd5 9. Be5 Nf6 10. h3 Nbd7 11. Qb3 Qb6 12. Bh2 Qa5 13. O-O h6 14. e4 Nb6 15. e5
Nfd5 16. Nxd5 Nxd5 17. Rfd1 b6 18. Rac1 Be6 19. a3 b5 20. Bf1 Rac8 21. Qd3 Nb6
22. b4 Qa6 23. Nd2 Nc4 24. Nxc4 Bxc4 25. Qc3 Bxf1 26. Kxf1 e6 27. Qd3 Qb6 28.
Rc5 Rfd8 29. Bg1 Bf8 30. Rcc1 a5 31. Qc3 axb4 32. axb4 Qc7 33. f4 Qe7 34. Rb1
Qd7 35. Qd3 Qd5 36. g4 Ra8 37. Rb2 Ra4 38. f5 Kh7 39. Bf2 Bxb4 40. Kg1 Ra3 41.
Qf1 Bc3 42. fxg6+ fxg6 43. Be3 Qd7 44. Rf2 Ra7 45. h4 Rb7 46. h5 Rg8 47. Rf6 b4
48. Qd3 Qe8 49. Kg2 Rgg7 50. Rh1 c5 51. Bxh6 cxd4 52. hxg6+ Kg8 53. Bxg7 Qc6+
54. Rf3 Rxg7 55. Kf1 Qd5 56. Rfh3 Kf8 1/2-1/2

[Event "7. Lichtenberger Sommer"]
[Site "Berlin"]
[Date "2008.08.21"]
[Round "6.22"]
[White "Reichenbach, Werner"]
[Black "Gebert, Ralf"]
[Result "1-0"]
[WhiteElo "2305"]
[BlackElo "2081"]
[PlyCount "89"]
[EventDate "2008.??.??"]
[WhiteTeam "Schachclub Schwante"]
[BlackTeam "SG Güstrow/Teterow"]

1. e4 e5 2. Nf3 Nc6 3. Bb5 a6 4. Ba4 Nf6 5. O-O Be7 6. Re1 b5 7. Bb3 O-O 8. a4
b4 9. d3 d6 10. Nbd2 Na5 11. Ba2 Bd7 12. Nc4 Nb7 13. c3 bxc3 14. bxc3 Nc5 15.
Bb1 Rb8 16. Bc2 Be6 17. Na5 Qe8 18. d4 Ncd7 19. d5 Bg4 20. Nc6 Rb6 21. Be3 Rxc6
22. dxc6 Nb8 23. h3 Bh5 24. g4 Bg6 25. Bg5 Qxc6 26. Re3 Nbd7 27. Nh4 h6 28.
Nxg6 fxg6 29. Bh4 g5 30. Bg3 Nc5 31. Bb3+ Kh7 32. Rb1 Qd7 33. f3 Rb8 34. Re1
Nxa4 35. Bxa4 Rxb1 36. Bxd7 Rxd1 37. Bf5+ g6 38. Rxd1 gxf5 39. gxf5 Nd7 40. Ra1
Nb8 41. Rb1 Nc6 42. Ra1 Nb8 43. Bf2 c5 44. Rb1 Nc6 45. Rb7 1-0

[Event "7. Lichtenberger Sommer"]
[Site "Berlin"]
[Date "2008.08.21"]
[Round "6.23"]
[White "Kühnemund, Lutz"]
[Black "Rohde, Wolfgang"]
[Result "1/2-1/2"]
[WhiteElo "1920"]
[BlackElo "2198"]
[PlyCount "135"]
[EventDate "2008.??.??"]
[WhiteTeam "SC Friesen Lichtenberg e.V."]
[BlackTeam "SC Friesen Lichtenberg e.V."]

1. e4 Nf6 2. Nc3 e5 3. Nf3 Nc6 4. g3 Bc5 5. Bg2 d6 6. O-O Bg4 7. d3 h6 8. Na4
Qd7 9. Nxc5 dxc5 10. Be3 O-O-O 11. Bxc5 g5 12. b4 Qe6 13. Qb1 Nh5 14. Be3 Rhg8
15. a4 Nf4 16. Bxf4 gxf4 17. b5 Ne7 18. a5 h5 19. b6 axb6 20. axb6 cxb6 21.
Ra8+ Kc7 22. Rxd8 Kxd8 23. Qb2 Bxf3 24. Bxf3 h4 25. Qb3 Qxb3 26. cxb3 hxg3 27.
fxg3 fxg3 28. hxg3 Rxg3+ 29. Kf2 Rg6 30. d4 exd4 31. Rd1 Nc6 32. e5 Nxe5 33.
Rxd4+ Kc7 34. Be2 Rc6 35. b4 Rc3 36. b5 Rb3 37. Rd5 f6 38. Rd1 Nd7 39. Rh1 Kd6
40. Rd1+ Ke7 41. Rh1 Nc5 42. Rh4 Kd6 43. Bc4 Rb4 44. Ke3 Ke5 45. Rd4 f5 46.
Rd5+ Kf6 47. Kd4 Ne4 48. Rd7 Kg5 49. Rg7+ Kf4 50. Rg6 Nd2 51. Kc3 Rxc4+ 52.
Kxd2 Kf3 53. Rxb6 Rc7 54. Re6 f4 55. Ke1 Rg7 56. Rf6 Rd7 57. Re6 Rd4 58. Rb6
Re4+ 59. Kf1 Re7 60. Rh6 Ke3 61. Rh5 f3 62. Rc5 Rh7 63. Re5+ Kf4 64. Re6 Rh1+
65. Kf2 Rh2+ 66. Kf1 Rb2 67. Rb6 Ke3 68. Re6+ 1/2-1/2